UBT Library

Media violence and children : (Record no. 38937)

000 -LEADER
fixed length control field 00840cam a22002414a 4500
001 - CONTROL NUMBER
control field 13197664
005 - DATE AND TIME OF LATEST TRANSACTION
control field 20171214073326.0
008 - FIXED-LENGTH DATA ELEMENTS--GENERAL INFORMATION
fixed length control field 030514s2003 ctua b 001 0 eng
010 ## - LIBRARY OF CONGRESS CONTROL NUMBER
LC control number 2003051067
020 ## - INTERNATIONAL STANDARD BOOK NUMBER
International Standard Book Number 0275979563 (alk. paper)
040 ## - CATALOGING SOURCE
Original cataloging agency DLC
Transcribing agency DLC
Modifying agency DLC
041 ## - LANGUAGE CODE
Language code of text/sound track or separate title eng
042 ## - AUTHENTICATION CODE
Authentication code pcc
080 ## - UNIVERSAL DECIMAL CLASSIFICATION NUMBER
Universal Decimal Classification number 303.6 GEN
082 00 - DEWEY DECIMAL CLASSIFICATION NUMBER
Classification number 303.6 GEN
Edition number 21
100 ## - Rafti
Rafti 19
101 ## - Shkurtesa
Shkurtesa POL
245 00 - TITLE STATEMENT
Title Media violence and children :
Statement of responsibility, etc edited by Douglas A. Gentile.
504 ## - BIBLIOGRAPHY, ETC. NOTE
Bibliography, etc Includes bibliographical references and index.
906 ## - LOCAL DATA ELEMENT F, LDF (RLIN)
a 7
b cbc
c orignew
d 1
e ocip
f 20
g y-gencatlg
942 ## - ADDED ENTRY ELEMENTS (KOHA)
Source of classification or shelving scheme
Item type Books
Holdings
Withdrawn status Lost status Source of classification or shelving scheme Damaged status Not for loan Collection code Permanent location Current location Shelving location Date acquired Total Checkouts Full call number Barcode Date last seen Price effective from Koha item type
          Koleksioni i përgjithshem UBT - Lipjan UBT - Lipjan Koleksioni i përgjithshem 12/14/2017   303.6 GEN 002-2939371 12/14/2017 12/14/2017 Books
UBT Library © 2015-2024. All rights reserved University Education for Business and Technology